| Tag |
First Indicator |
Second Indicator |
Subfields |
| LEADER |
00000cam a2200000 4500 |
| 001 |
in00001890708 |
| 006 |
m | d | |
| 007 |
cr |n||||||||n |
| 008 |
840717s1798 enk|||| s 00| ||eng d |
| 005 |
20260403172124.9 |
| 035 |
|
|
|a (CStRLIN)ESTCN10303
|
| 040 |
|
|
|a Cu-RivES
|c Cu-RivES
|d Uk-ES
|d CStRLIN
|d Thomson Gale
|d UtOrBLW
|
| 100 |
1 |
|
|a Moore, John Hamilton,
|d -1807.
|
| 240 |
1 |
0 |
|a Practical navigator and seaman's new daily assistant
|
| 245 |
1 |
4 |
|a The new practical navigator :
|b being an epitome of navigation; ... The thirteenth edition, enlarged, constructed on a new plan, and illustrated with copper-plates. By John Hamilton Moore, ...
|
| 264 |
|
3 |
|a London :
|b printed for and sold by B. Law; G. G. and J. Robinson; and the author,
|c 1798.
|
| 300 |
|
|
|a viii, 192, 191-309, 1 unnumbered page;216 unnumbered pages, plates :
|b portrait,illustrations,map ;
|c 8⁰.
|
| 336 |
|
|
|a text
|b txt
|2 rdacontent
|
| 337 |
|
|
|a computer
|b c
|2 rdamedia
|
| 338 |
|
|
|a online resource
|b cr
|2 rdacarrier
|
| 500 |
|
|
|a Signatures: pi⁴, A-2Q⁴ ²2A-2X⁴ (2S3 missigned 3S) *2⁴ 2Y-3C⁴.
|
| 500 |
|
|
|a Text continuous despite pagination; the tables are unpaginated and separately signed.
|
| 500 |
|
|
|a With two final advertisement leaves.
|
| 500 |
|
|
|a First published in 1772 as 'The practical navigator and seaman's new daily assistant'.
|
| 500 |
|
|
|a Reproduction of original from the Harvard University Houghton Library.
|
| 510 |
4 |
|
|a English Short Title Catalog,
|c ESTCN10303.
|
| 533 |
|
|
|a Electronic reproduction.
|b Farmington Hills, Mich. :
|c Thomson Gale,
|d 2003.
|n Available via the World Wide Web.
|n Access limited by licensing agreements
|7 s2003 miunns
|
| 500 |
|
|
|a Electronic resource.
|
| 830 |
|
0 |
|a Eighteenth century collections online.
|
| 856 |
4 |
0 |
|u http://proxy.library.tamu.edu/login?url=https://galenet.galegroup.com/servlet/ECCO?c=1&stp=Author&ste=11&af=BN&ae=N010303&tiPG=1&dd=0&dc=flc&docNum=CW106942316&vrsn=1.0&srchtp=a&d4=0.33&n=10&SU=0LRM&locID=txshracd2898
|z Full text online
|t 0
|
| 999 |
|
|
|a MARS
|
| 999 |
f |
f |
|s 317bad2d-37d1-3092-af74-0ba7dd668a52
|i c62aed22-ff14-3b1a-ad57-0a30cf92ec03
|t 0
|
| 952 |
f |
f |
|a Texas A&M University
|b College Station
|c Electronic Resources
|s www_evans
|d Available Online
|t 0
|h No information provided
|
| 998 |
f |
f |
|t 0
|l Available Online
|